| 000 | 00775nas a2200241 4500 | ||
|---|---|---|---|
| 001 | BR9207006 | ||
| 003 | BR-BrBNA | ||
| 005 | 20231205100445.0 | ||
| 007 | ta | ||
| 008 | 230509b bl.|||p| |||| 00| 00por d | ||
| 040 |
_aBR-BrBNA _bpor _cBiblioteca Nacional de Agricultura |
||
| 041 | _a(Pt) | ||
| 072 | _aP11 | ||
| 100 | 1 | _aVettorazzi, C.A. | |
| 100 | 1 | _aAngulo Filho, R. | |
| 100 | 1 | _aKoffler, N.F. | |
| 245 | 1 | _aAnalise de areas com diferentes classes de declividade atraves de imagens TM/LANSAT | |
| 650 | _aDrenagem | ||
| 650 | _aPlanejamento Agricola | ||
| 773 | 0 |
_tAnais da Escola Superior de Agricultura Luiz de Queiroz (Brazil) _xISSN 0071-1276 _g(1987), v. 44(2) p. 1579-1606 _wBR9207006 |
|
| 909 |
_a202311 _bLúcia _c55 _dLúcia Elande |
||
| 942 |
_2AGRIS _n0 _cANA |
||
| 999 |
_c156131 _d156131 |
||